Home Print Resources E-Books E-Journals IIMT Lecture Series Library Membership Form Book Recommendation Form Campus Tour Take AdmissionAbout Us Contact Us

PRODUCTION AND OPERATIONS MANAGEMENT (Record no. 57692)

000 -LEADER
fixed length control field 00382nam a22001577a 4500
003 - CONTROL NUMBER IDENTIFIER
control field OSt
005 - DATE AND TIME OF LATEST TRANSACTION
control field 20231124101408.0
008 - FIXED-LENGTH DATA ELEMENTS--GENERAL INFORMATION
fixed length control field 231124b |||||||| |||| 00| 0 eng d
020 ## - INTERNATIONAL STANDARD BOOK NUMBER
International Standard Book Number 9788120345553
040 ## - CATALOGING SOURCE
Transcribing agency IIMT UNIVERSITY
100 ## - MAIN ENTRY--PERSONAL NAME
Personal name PANNEERSELVAM R.
245 ## - TITLE STATEMENT
Title PRODUCTION AND OPERATIONS MANAGEMENT
260 ## - PUBLICATION, DISTRIBUTION, ETC.
Place of publication, distribution, etc. NEW DELHI
Name of publisher, distributor, etc. PHI
Date of publication, distribution, etc. 2023
300 ## - PHYSICAL DESCRIPTION
Extent 700
942 ## - ADDED ENTRY ELEMENTS (KOHA)
Source of classification or shelving scheme
Koha item type Book Bank
Holdings
Withdrawn status Lost status Source of classification or shelving scheme Damaged status Not for loan Home library Current library Date acquired Source of acquisition Inventory number Total Checkouts Full call number Barcode Checked out Date last seen Date last checked out Price effective from Koha item type
          IIMT University Central Library Meerut IIMT University Central Library Meerut 11/24/2023 KIRTI PRAKASHAN IN1235,,17-11-2023 1 658.5 PAN 01-B-141048 04/22/2026 04/15/2026 04/15/2026 11/24/2023 Text-Book- for 7 days
          IIMT University Central Library Meerut IIMT University Central Library Meerut 11/24/2023 KIRTI PRAKASHAN IN1235,,17-11-2023   658.5 PAN 01-B-141049   11/24/2023   11/24/2023 Book Bank
IIMT, Central Library. All Rights Reserved IIMT,UNIVERSITY © 2023
Implemented and Customised by I CLOUDE EMS
You Are OPAC Visitor No
free web counter

Powered by Koha